000 00499nam a2200157 a 4500
001 000033889
005 20200930070612.0
008 110914s1975 mx 000 0 spa d
040 _aDO-SdBNP
_bspa
_cBNPHU
100 1 _aPrado Flores, José H.
_910971
245 1 4 _aLas reuniones de oración :
_bcómo se preparan y se dirigen /
_cJosé H. Prado Flores.
250 _a2a ed.
260 _aMéxico :
_bRenovación Cristiana en el Espiritu Santo,
_c1975.
300 _a114 p. ;
_c18 cm.
049 _aBNPD
999 _c33380
_d33380